[Event "9 Round Open"]
[Site "Enniscrone, Sligo, IE"]
[Date "2026.02.04"]
[Round "4"]
[White "Ribeiro, Gustavo"]
[Black "Bartczak, Korneliusz"]
[Result "0-1"]
[Board "5"]
[WhiteFideId "1941852"]
[BlackFideId "2523558"]
[WhiteTitle "FM"]
[WhiteElo "2276"]
[BlackElo "2077"]
[WhiteTeam "POR"]
[BlackTeam "IRL"]
[WhiteClock "0:17:55"]
[BlackClock "0:05:47"]
[Variant "Standard"]

1. g3 {[%clk 1:30:54]}  d5 {[%clk 1:30:48]} 2. Nf3 {[%clk 1:31:17]}  Nf6 {[%clk 1:31:07]} 3. Bg2 {[%clk 1:31:41]}  c6 {[%clk 1:31:20]} 4. O-O {[%clk 1:32:03]}  Bf5 {[%clk 1:31:33]} 5. d3 {[%clk 1:32:27]}  h6 {[%clk 1:31:49]} 6. b3 {[%clk 1:32:14]}  e6 {[%clk 1:31:50]} 7. Bb2 {[%clk 1:32:33]}  Be7 {[%clk 1:31:31]} 8. Nbd2 {[%clk 1:32:46]}  O-O {[%clk 1:31:45]} 9. Re1 {[%clk 1:32:42]}  Bh7 {[%clk 1:32:05]} 10. e4 {[%clk 1:33:03]}  a5 {[%clk 1:31:58]} 11. a3 {[%clk 1:32:58]}  Na6 {[%clk 1:30:48]} 12. Qe2 {[%clk 1:32:43]}  Rc8 {[%clk 1:27:50]} 13. Rad1 {[%clk 1:30:55]}  b5 {[%clk 1:26:36]} 14. exd5 {[%clk 1:30:34]}  cxd5 {[%clk 1:26:11]} 15. Nd4 {[%clk 1:30:58]}  Qb6 {[%clk 1:23:33]} 16. N2f3 {[%clk 1:27:24]}  Rfe8 {[%clk 1:15:02]} 17. Qe3 {[%clk 1:15:55]}  Nd7 {[%clk 1:02:01]} 18. c4 {[%clk 0:52:26]}  bxc4 {[%clk 0:58:38]} 19. dxc4 {[%clk 0:52:50]}  dxc4 {[%clk 0:56:53]} 20. Bf1 {[%clk 0:36:18]}  Bf6 {[%clk 0:41:04]} 21. Bxc4 {[%clk 0:28:59]}  Rxc4 {[%clk 0:34:02]} 22. bxc4 {[%clk 0:29:15]}  Qxb2 {[%clk 0:34:18]} 23. Nb5 {[%clk 0:29:41]}  Ndc5 {[%clk 0:33:39]} 24. Rd2 {[%clk 0:29:24]}  Qb3 {[%clk 0:33:00]} 25. Qf4 {[%clk 0:24:14]}  Nd3 {[%clk 0:27:35]} 26. Qe3 {[%clk 0:23:54]}  Ndc5 {[%clk 0:27:21]} 27. Kg2 {[%clk 0:18:09]}  Qxe3 {[%clk 0:24:01]} 28. Rxe3 {[%clk 0:18:27]}  Rd8 {[%clk 0:22:57]} 29. Rxd8+ {[%clk 0:18:11]}  Bxd8 {[%clk 0:23:22]} 30. Ne5 {[%clk 0:18:36]}  Kf8 {[%clk 0:18:28]} 31. Nd4 {[%clk 0:16:20]}  Bc7 {[%clk 0:17:20]} 32. Nef3 {[%clk 0:14:22]}  Be4 {[%clk 0:16:03]} 33. Kg1 {[%clk 0:14:33]}  e5 {[%clk 0:14:37]} 34. Nb5 {[%clk 0:14:24]}  Bxf3 {[%clk 0:14:13]} 35. Rxf3 {[%clk 0:14:46]}  Ke7 {[%clk 0:13:42]} 36. g4 {[%clk 0:14:55]}  Ke6 {[%clk 0:13:36]} 37. Re3 {[%clk 0:14:32]}  f6 {[%clk 0:11:55]} 38. Re2 {[%clk 0:14:00]}  Bb6 {[%clk 0:11:13]} 39. Nd4+ {[%clk 0:12:37]}  Kf7 {[%clk 0:10:56]} 40. Nf5 {[%clk 0:12:50]}  Nb3 {[%clk 0:09:54]} 41. Kf1 {[%clk 0:12:46]}  Bc5 {[%clk 0:09:27]} 42. Rb2 {[%clk 0:13:08]}  a4 {[%clk 0:09:46]} 43. Ng3 {[%clk 0:13:07]}  Bd4 {[%clk 0:09:11]} 44. Rc2 {[%clk 0:13:32]}  Nac5 {[%clk 0:09:28]} 45. Nf5 {[%clk 0:13:55]}  g6 {[%clk 0:06:26]} 46. Ng3 {[%clk 0:13:39]}  Ke6 {[%clk 0:06:33]} 47. h4 {[%clk 0:13:44]}  f5 {[%clk 0:06:33]} 48. gxf5+ {[%clk 0:13:36]}  gxf5 {[%clk 0:07:01]} 49. f3 {[%clk 0:13:58]}  f4 {[%clk 0:06:40]} 50. Nh5 {[%clk 0:14:24]}  Be3 {[%clk 0:06:10]} 51. Rg2 {[%clk 0:14:34]}  e4 {[%clk 0:05:16]} 52. fxe4 {[%clk 0:13:22]}  f3 {[%clk 0:05:24]} 53. Rg6+ {[%clk 0:13:46]}  Ke5 {[%clk 0:05:35]} 54. Ng3 {[%clk 0:14:14]}  Nd2+ {[%clk 0:05:14]} 55. Ke1 {[%clk 0:14:38]}  Ncxe4 {[%clk 0:05:24]} 56. Nh1 {[%clk 0:14:41]}  Nxc4 {[%clk 0:04:20]} 57. Rg8 {[%clk 0:14:52]}  f2+ {[%clk 0:03:35]} 58. Nxf2 {[%clk 0:15:04]}  Bxf2+ {[%clk 0:03:58]} 59. Ke2 {[%clk 0:15:21]}  Bxh4 {[%clk 0:04:16]} 60. Kd3 {[%clk 0:15:48]}  Ncd6 {[%clk 0:04:30]} 61. Ra8 {[%clk 0:16:01]}  Nc5+ {[%clk 0:04:08]} 62. Kc3 {[%clk 0:16:11]}  Be1+ {[%clk 0:04:20]} 63. Kc2 {[%clk 0:16:37]}  h5 {[%clk 0:04:37]} 64. Kd1 {[%clk 0:16:52]}  Bg3 {[%clk 0:04:58]} 65. Kd2 {[%clk 0:17:08]}  h4 {[%clk 0:05:24]} 66. Rh8 {[%clk 0:17:34]}  Kd4 {[%clk 0:05:32]} 67. Kc2 {[%clk 0:17:55]}  Nde4 {[%clk 0:05:47]} 0-1

[Event "9 Round Open"]
[Site "Enniscrone, Sligo, IE"]
[Date "2026.02.04"]
[Round "4"]
[White "Rakhmangulov, Andrei"]
[Black "Woods, Yannick"]
[Result "1/2-1/2"]
[Board "6"]
[WhiteFideId "14101467"]
[BlackFideId "2518384"]
[WhiteTitle "IM"]
[WhiteElo "2262"]
[BlackElo "1971"]
[WhiteTeam "UKR"]
[BlackTeam "IRL"]
[WhiteClock "0:34:29"]
[BlackClock "0:40:02"]
[Variant "Standard"]

1. d4 {[%clk 1:30:58]}  d5 {[%clk 1:30:58]} 2. Bg5 {[%clk 1:31:08]}  c5 {[%clk 1:31:16]} 3. e3 {[%clk 1:31:15]}  Nc6 {[%clk 1:31:42]} 4. c3 {[%clk 1:31:12]}  f6 {[%clk 1:32:08]} 5. Bh4 {[%clk 1:31:25]}  Nh6 {[%clk 1:32:34]} 6. f3 {[%clk 1:22:40]}  Nf5 {[%clk 1:32:33]} 7. Bf2 {[%clk 1:22:17]}  e5 {[%clk 1:19:03]} 8. dxe5 {[%clk 1:19:19]}  fxe5 {[%clk 1:13:55]} 9. e4 {[%clk 1:19:08]}  dxe4 {[%clk 1:14:08]} 10. Qxd8+ {[%clk 1:19:21]}  Nxd8 {[%clk 1:12:54]} 11. fxe4 {[%clk 1:19:35]}  Nh6 {[%clk 1:12:39]} 12. h3 {[%clk 1:16:10]}  Bd7 {[%clk 1:08:10]} 13. Nf3 {[%clk 1:16:11]}  Nhf7 {[%clk 1:07:56]} 14. Na3 {[%clk 1:15:28]}  Bd6 {[%clk 1:03:02]} 15. Nc4 {[%clk 1:15:13]}  Ne6 {[%clk 0:58:33]} 16. Bg3 {[%clk 1:07:27]}  Bc6 {[%clk 0:57:35]} 17. Nfxe5 {[%clk 0:59:33]}  Bxe5 {[%clk 0:56:23]} 18. Nxe5 {[%clk 0:59:38]}  Nxe5 {[%clk 0:48:49]} 19. Bxe5 {[%clk 0:59:51]}  O-O-O {[%clk 0:47:31]} 20. Bc4 {[%clk 0:58:12]}  Rhe8 {[%clk 0:46:50]} 21. O-O {[%clk 0:56:52]}  Ng5 {[%clk 0:43:40]} 22. Bf4 {[%clk 0:51:55]}  Nxe4 {[%clk 0:42:14]} 23. Rad1 {[%clk 0:51:12]}  Rxd1 {[%clk 0:39:00]} 24. Rxd1 {[%clk 0:51:32]}  Nxc3 {[%clk 0:39:12]} 25. bxc3 {[%clk 0:51:46]}  Re4 {[%clk 0:39:38]} 26. Bd3 {[%clk 0:51:37]}  Rxf4 {[%clk 0:40:02]} 27. Bxh7 {[%clk 0:34:29]} 1/2-1/2

[Event "9 Round Open"]
[Site "Enniscrone, Sligo, IE"]
[Date "2026.02.04"]
[Round "4"]
[White "Alvarez Jimenez, Alfonso"]
[Black "Hushpit, Lukian"]
[Result "1-0"]
[Board "7"]
[WhiteFideId "2297418"]
[BlackFideId "14189208"]
[WhiteElo "1868"]
[BlackElo "2100"]
[WhiteTeam "ESP"]
[BlackTeam "IRL"]
[WhiteClock "0:03:18"]
[BlackClock "0:02:16"]
[Variant "Standard"]

1. d4 {[%clk 1:26:46]}  d5 {[%clk 1:30:53]} 2. c4 {[%clk 1:27:04]}  e6 {[%clk 1:31:14]} 3. Nc3 {[%clk 1:27:27]}  Nf6 {[%clk 1:31:37]} 4. Nf3 {[%clk 1:27:49]}  Be7 {[%clk 1:31:51]} 5. g3 {[%clk 1:28:02]}  O-O {[%clk 1:31:35]} 6. Bg2 {[%clk 1:28:24]}  Nbd7 {[%clk 1:28:28]} 7. O-O {[%clk 1:27:29]}  c6 {[%clk 1:27:12]} 8. a4 {[%clk 1:24:47]}  a5 {[%clk 1:20:50]} 9. cxd5 {[%clk 1:20:14]}  exd5 {[%clk 1:21:02]} 10. Qc2 {[%clk 1:18:45]}  Re8 {[%clk 1:19:23]} 11. e3 {[%clk 1:15:12]}  Bd6 {[%clk 1:00:25]} 12. Ne2 {[%clk 1:11:33]}  Ne4 {[%clk 0:50:35]} 13. Rd1 {[%clk 0:58:05]}  Ndf6 {[%clk 0:46:58]} 14. Nf4 {[%clk 0:51:31]}  h6 {[%clk 0:45:02]} 15. Nd3 {[%clk 0:49:09]}  Bg4 {[%clk 0:39:07]} 16. Rf1 {[%clk 0:41:31]}  Qb6 {[%clk 0:28:01]} 17. Nfe5 {[%clk 0:33:17]}  Bf5 {[%clk 0:24:42]} 18. Qd1 {[%clk 0:32:21]}  Nd7 {[%clk 0:21:17]} 19. g4 {[%clk 0:25:44]}  Be6 {[%clk 0:20:02]} 20. f4 {[%clk 0:14:47]}  Nxe5 {[%clk 0:14:15]} 21. dxe5 {[%clk 0:13:12]}  Bc5 {[%clk 0:12:33]} 22. Nxc5 {[%clk 0:12:22]}  Nxc5 {[%clk 0:10:49]} 23. f5 {[%clk 0:11:55]}  Bd7 {[%clk 0:10:42]} 24. Qd4 {[%clk 0:11:59]}  Ra6 {[%clk 0:08:39]} 25. e6 {[%clk 0:08:11]}  fxe6 {[%clk 0:04:32]} 26. f6 {[%clk 0:06:54]}  Rf8 {[%clk 0:04:48]} 27. fxg7 {[%clk 0:06:07]}  Rxf1+ {[%clk 0:02:45]} 28. Bxf1 {[%clk 0:06:30]}  Ra8 {[%clk 0:02:11]} 29. Bd2 {[%clk 0:06:36]}  e5 {[%clk 0:01:27]} 30. Qxe5 {[%clk 0:06:30]}  Ne4 {[%clk 0:01:20]} 31. Ra3 {[%clk 0:04:55]}  Nxd2 {[%clk 0:01:00]} 32. Qf6 {[%clk 0:05:19]}  Qb4 {[%clk 0:01:10]} 33. e4 {[%clk 0:04:31]}  Qxe4 {[%clk 0:01:18]} 34. Qxh6 {[%clk 0:03:59]}  Qd4+ {[%clk 0:00:53]} 35. Kh1 {[%clk 0:03:01]}  Qe4+ {[%clk 0:01:05]} 36. Kg1 {[%clk 0:03:11]}  Qd4+ {[%clk 0:00:47]} 37. Kh1 {[%clk 0:03:33]}  Re8 {[%clk 0:00:40]} 38. Qh8+ {[%clk 0:02:46]}  Kf7 {[%clk 0:01:09]} 39. g8=Q+ {[%clk 0:03:02]}  Rxg8 {[%clk 0:01:31]} 40. Qxd4 {[%clk 0:03:19]}  Ne4 {[%clk 0:01:50]} 41. Rf3+ {[%clk 0:03:25]}  Ke6 {[%clk 0:02:07]} 42. h3 {[%clk 0:03:06]}  c5 {[%clk 0:02:16]} 43. Qe3 {[%clk 0:03:18]} 1-0

[Event "9 Round Open"]
[Site "Enniscrone, Sligo, IE"]
[Date "2026.02.04"]
[Round "4"]
[White "Ivanov, Andrey A."]
[Black "Kim, Jimin"]
[Result "1-0"]
[Board "8"]
[WhiteFideId "2514311"]
[BlackFideId "13224271"]
[WhiteTitle "CM"]
[WhiteElo "2093"]
[BlackElo "1776"]
[WhiteTeam "IRL"]
[BlackTeam "KOR"]
[WhiteClock "0:29:07"]
[BlackClock "0:07:12"]
[Variant "Standard"]

1. Nf3 {[%clk 1:30:59]}  Nf6 {[%clk 1:30:30]} 2. c4 {[%clk 1:31:24]}  e6 {[%clk 1:30:43]} 3. Nc3 {[%clk 1:31:45]}  d5 {[%clk 1:30:56]} 4. d4 {[%clk 1:32:06]}  Bb4 {[%clk 1:31:14]} 5. cxd5 {[%clk 1:32:23]}  exd5 {[%clk 1:31:41]} 6. Bg5 {[%clk 1:32:48]}  h6 {[%clk 1:31:43]} 7. Bh4 {[%clk 1:32:56]}  c5 {[%clk 1:29:47]} 8. dxc5 {[%clk 1:16:29]}  Nbd7 {[%clk 1:29:44]} 9. a3 {[%clk 1:10:47]}  Bxc3+ {[%clk 1:27:39]} 10. bxc3 {[%clk 1:11:13]}  Qa5 {[%clk 1:28:01]} 11. Qd4 {[%clk 1:07:35]}  g5 {[%clk 1:25:34]} 12. Bg3 {[%clk 1:06:10]}  Qxc5 {[%clk 1:25:58]} 13. Qxc5 {[%clk 1:00:09]}  Nxc5 {[%clk 1:26:19]} 14. Be5 {[%clk 1:00:25]}  Nce4 {[%clk 1:22:44]} 15. Nd2 {[%clk 0:45:50]}  O-O {[%clk 1:18:12]} 16. Nxe4 {[%clk 0:45:59]}  Nxe4 {[%clk 1:18:25]} 17. f3 {[%clk 0:46:23]}  Re8 {[%clk 1:18:24]} 18. Bd4 {[%clk 0:46:16]}  Nd6 {[%clk 1:18:29]} 19. O-O-O {[%clk 0:39:08]}  Be6 {[%clk 1:04:52]} 20. g4 {[%clk 0:36:31]}  f5 {[%clk 0:36:02]} 21. h4 {[%clk 0:36:24]}  fxg4 {[%clk 0:33:54]} 22. hxg5 {[%clk 0:36:39]}  hxg5 {[%clk 0:32:10]} 23. Rh8+ {[%clk 0:35:47]}  Kf7 {[%clk 0:32:38]} 24. Rh7+ {[%clk 0:36:15]}  Kf8 {[%clk 0:30:24]} 25. fxg4 {[%clk 0:36:13]}  Re7 {[%clk 0:29:41]} 26. Rh8+ {[%clk 0:36:22]}  Bg8 {[%clk 0:29:55]} 27. Bg2 {[%clk 0:35:53]}  Rh7 {[%clk 0:24:20]} 28. Rxh7 {[%clk 0:35:41]}  Bxh7 {[%clk 0:24:47]} 29. Bxd5 {[%clk 0:36:05]}  Rc8 {[%clk 0:11:47]} 30. Rf1+ {[%clk 0:31:32]}  Ke8 {[%clk 0:10:49]} 31. Rf6 {[%clk 0:28:54]}  Ne4 {[%clk 0:07:12]} 32. Bxe4 {[%clk 0:29:07]} 1-0

[Event "9 Round Open"]
[Site "Enniscrone, Sligo, IE"]
[Date "2026.02.04"]
[Round "4"]
[White "Fernandez Manrique, Agustin"]
[Black "Gulljord, Birk"]
[Result "1/2-1/2"]
[Board "9"]
[WhiteFideId "2231000"]
[BlackFideId "1542753"]
[WhiteTitle "CM"]
[WhiteElo "2038"]
[BlackElo "1923"]
[WhiteTeam "ESP"]
[BlackTeam "NOR"]
[WhiteClock "0:14:03"]
[BlackClock "0:01:28"]
[Variant "Standard"]

1. c4 {[%clk 1:30:57]}  Nf6 {[%clk 1:29:18]} 2. Nc3 {[%clk 1:31:14]}  c5 {[%clk 1:29:36]} 3. g3 {[%clk 1:31:32]}  d5 {[%clk 1:29:53]} 4. cxd5 {[%clk 1:31:50]}  Nxd5 {[%clk 1:30:13]} 5. Bg2 {[%clk 1:32:11]}  Nc7 {[%clk 1:30:34]} 6. d3 {[%clk 1:32:07]}  e5 {[%clk 1:30:53]} 7. Qb3 {[%clk 1:30:41]}  Nc6 {[%clk 1:30:28]} 8. Bxc6+ {[%clk 1:30:51]}  bxc6 {[%clk 1:30:49]} 9. Nf3 {[%clk 1:31:07]}  f6 {[%clk 1:31:07]} 10. Qa4 {[%clk 1:31:12]}  Be7 {[%clk 1:31:14]} 11. Be3 {[%clk 1:29:51]}  Bd7 {[%clk 1:23:59]} 12. Ne4 {[%clk 1:25:49]}  Ne6 {[%clk 1:19:28]} 13. O-O {[%clk 1:10:49]}  Qb6 {[%clk 1:06:40]} 14. Rfc1 {[%clk 1:01:03]}  Nd4 {[%clk 0:56:04]} 15. Bxd4 {[%clk 0:59:20]}  cxd4 {[%clk 0:56:07]} 16. Qc4 {[%clk 0:55:07]}  Rb8 {[%clk 0:46:04]} 17. Rab1 {[%clk 0:47:08]}  Qb4 {[%clk 0:37:07]} 18. Nc5 {[%clk 0:43:09]}  Qxc4 {[%clk 0:29:07]} 19. Rxc4 {[%clk 0:43:28]}  Bg4 {[%clk 0:21:05]} 20. b3 {[%clk 0:40:15]}  Bxc5 {[%clk 0:11:49]} 21. Rxc5 {[%clk 0:40:20]}  Bxf3 {[%clk 0:10:54]} 22. exf3 {[%clk 0:40:41]}  Kd7 {[%clk 0:09:44]} 23. Rbc1 {[%clk 0:39:22]}  Rb6 {[%clk 0:09:54]} 24. Ra5 {[%clk 0:38:39]}  a6 {[%clk 0:09:36]} 25. Rc4 {[%clk 0:38:49]}  Ra8 {[%clk 0:07:25]} 26. Rca4 {[%clk 0:32:52]}  Kd6 {[%clk 0:06:36]} 27. f4 {[%clk 0:31:38]}  c5 {[%clk 0:05:56]} 28. fxe5+ {[%clk 0:31:53]}  fxe5 {[%clk 0:06:06]} 29. Kg2 {[%clk 0:30:34]}  Rc6 {[%clk 0:03:37]} 30. Kf3 {[%clk 0:29:21]}  Rf8+ {[%clk 0:03:28]} 31. Ke2 {[%clk 0:29:43]}  Ra8 {[%clk 0:03:34]} 32. h4 {[%clk 0:28:38]}  g6 {[%clk 0:02:40]} 33. Ke1 {[%clk 0:19:39]}  h6 {[%clk 0:02:29]} 34. Ke2 {[%clk 0:19:54]}  h5 {[%clk 0:02:15]} 35. Ke1 {[%clk 0:20:07]}  Ra7 {[%clk 0:02:23]} 36. Ke2 {[%clk 0:17:25]}  Ra8 {[%clk 0:02:39]} 37. Rc4 {[%clk 0:15:03]}  Rb8 {[%clk 0:01:37]} 38. Rca4 {[%clk 0:14:03]}  Ra8 {[%clk 0:01:28]} 1/2-1/2

[Event "9 Round Open"]
[Site "Enniscrone, Sligo, IE"]
[Date "2026.02.04"]
[Round "4"]
[White "Halvorsen, Benjamin"]
[Black "Armstrong, Chris"]
[Result "1-0"]
[Board "10"]
[WhiteFideId "1516604"]
[BlackFideId "2510340"]
[WhiteElo "2007"]
[BlackElo "1648"]
[WhiteTeam "NOR"]
[BlackTeam "IRL"]
[WhiteClock "0:16:07"]
[BlackClock "0:21:32"]
[Variant "Standard"]

1. e4 {[%clk 1:30:10]}  d5 {[%clk 1:27:17]} 2. exd5 {[%clk 1:30:31]}  Qxd5 {[%clk 1:27:43]} 3. Nc3 {[%clk 1:30:11]}  Qa5 {[%clk 1:28:08]} 4. d4 {[%clk 1:29:56]}  Nf6 {[%clk 1:28:29]} 5. Nf3 {[%clk 1:29:52]}  Bg4 {[%clk 1:28:34]} 6. Bd2 {[%clk 1:28:43]}  c6 {[%clk 1:28:17]} 7. Bc4 {[%clk 1:24:25]}  e6 {[%clk 1:28:09]} 8. h3 {[%clk 1:23:25]}  Bh5 {[%clk 1:27:25]} 9. Qe2 {[%clk 1:23:14]}  Qc7 {[%clk 1:26:36]} 10. O-O {[%clk 1:22:55]}  Bd6 {[%clk 1:26:04]} 11. Bg5 {[%clk 1:18:32]}  Nbd7 {[%clk 1:24:54]} 12. Ne4 {[%clk 1:12:42]}  Nxe4 {[%clk 1:22:19]} 13. Qxe4 {[%clk 1:12:53]}  h6 {[%clk 1:22:09]} 14. Bc1 {[%clk 1:07:40]}  Nf6 {[%clk 1:21:29]} 15. Qd3 {[%clk 1:04:43]}  Bg6 {[%clk 1:20:11]} 16. Qe2 {[%clk 1:04:57]}  O-O {[%clk 1:18:53]} 17. Ne5 {[%clk 1:03:21]}  Bxe5 {[%clk 1:16:16]} 18. dxe5 {[%clk 1:02:22]}  Nd5 {[%clk 1:13:57]} 19. a3 {[%clk 0:57:09]}  Rfd8 {[%clk 1:12:50]} 20. Ba2 {[%clk 0:53:56]}  Ne7 {[%clk 1:11:26]} 21. Bf4 {[%clk 0:51:14]}  Nd5 {[%clk 1:09:33]} 22. Bh2 {[%clk 0:49:44]}  Qe7 {[%clk 1:08:15]} 23. Rad1 {[%clk 0:47:11]}  Qg5 {[%clk 1:06:36]} 24. Rd4 {[%clk 0:45:09]}  Bh5 {[%clk 1:02:41]} 25. g4 {[%clk 0:39:08]}  Bg6 {[%clk 1:01:16]} 26. f4 {[%clk 0:32:23]}  Qe7 {[%clk 0:59:35]} 27. f5 {[%clk 0:31:51]}  Bh7 {[%clk 0:53:01]} 28. Qf2 {[%clk 0:30:21]}  exf5 {[%clk 0:47:20]} 29. gxf5 {[%clk 0:30:34]}  Qg5+ {[%clk 0:47:16]} 30. Kh1 {[%clk 0:24:08]}  Qe3 {[%clk 0:43:56]} 31. Qh4 {[%clk 0:19:37]}  Qg5 {[%clk 0:35:01]} 32. Qxg5 {[%clk 0:18:34]}  hxg5 {[%clk 0:35:21]} 33. e6 {[%clk 0:17:07]}  fxe6 {[%clk 0:34:19]} 34. fxe6 {[%clk 0:17:31]}  Ne7 {[%clk 0:33:21]} 35. Rd7 {[%clk 0:17:06]}  Be4+ {[%clk 0:30:12]} 36. Kg1 {[%clk 0:17:30]}  Rxd7 {[%clk 0:29:25]} 37. exd7+ {[%clk 0:17:51]}  Bd5 {[%clk 0:25:43]} 38. Bc7 {[%clk 0:14:54]}  Bxa2 {[%clk 0:23:20]} 39. b3 {[%clk 0:15:01]}  Nd5 {[%clk 0:23:07]} 40. d8=Q+ {[%clk 0:15:22]}  Rxd8 {[%clk 0:23:22]} 41. Bxd8 {[%clk 0:15:47]}  Nc3 {[%clk 0:22:59]} 42. Ra1 {[%clk 0:14:49]}  Bb1 {[%clk 0:22:32]} 43. Ba5 {[%clk 0:15:15]}  Bxc2 {[%clk 0:21:27]} 44. Bxc3 {[%clk 0:15:40]}  Bxb3 {[%clk 0:21:32]} 45. Rb1 {[%clk 0:16:07]} 1-0

[Event "9 Round Open"]
[Site "Enniscrone, Sligo, IE"]
[Date "2026.02.04"]
[Round "4"]
[White "Fathallah, Joe"]
[Black "Stokes, Stephen"]
[Result "1/2-1/2"]
[Board "11"]
[WhiteFideId "1801899"]
[BlackFideId "2503530"]
[WhiteElo "1956"]
[BlackElo "1875"]
[WhiteTeam "WLS"]
[BlackTeam "IRL"]
[WhiteClock "0:09:28"]
[BlackClock "0:09:26"]
[Variant "Standard"]

1. b3 {[%clk 1:30:54]}  c5 {[%clk 1:30:32]} 2. Bb2 {[%clk 1:31:10]}  Nf6 {[%clk 1:30:51]} 3. e3 {[%clk 1:31:19]}  g6 {[%clk 1:30:55]} 4. Nf3 {[%clk 1:24:26]}  Bg7 {[%clk 1:30:52]} 5. d4 {[%clk 1:22:53]}  O-O {[%clk 1:29:47]} 6. Bd3 {[%clk 1:21:47]}  cxd4 {[%clk 1:27:39]} 7. exd4 {[%clk 1:21:56]}  Nc6 {[%clk 1:21:09]} 8. O-O {[%clk 1:10:23]}  d5 {[%clk 1:13:59]} 9. Re1 {[%clk 1:04:39]}  Bg4 {[%clk 1:12:36]} 10. h3 {[%clk 0:59:23]}  Bxf3 {[%clk 1:07:43]} 11. Qxf3 {[%clk 0:59:47]}  Nb4 {[%clk 1:07:52]} 12. Nd2 {[%clk 0:58:02]}  Nxd3 {[%clk 1:08:03]} 13. Qxd3 {[%clk 0:58:24]}  Qc7 {[%clk 1:03:01]} 14. c3 {[%clk 0:55:26]}  Rfd8 {[%clk 1:02:12]} 15. a4 {[%clk 0:52:43]}  Rac8 {[%clk 1:01:32]} 16. a5 {[%clk 0:52:04]}  e6 {[%clk 0:53:27]} 17. a6 {[%clk 0:45:05]}  b6 {[%clk 0:51:52]} 18. Qb5 {[%clk 0:36:42]}  Qc6 {[%clk 0:50:05]} 19. Qxc6 {[%clk 0:33:36]}  Rxc6 {[%clk 0:50:26]} 20. b4 {[%clk 0:33:34]}  Rdc8 {[%clk 0:49:43]} 21. b5 {[%clk 0:26:28]}  R6c7 {[%clk 0:49:19]} 22. f4 {[%clk 0:19:57]}  Ne8 {[%clk 0:47:28]} 23. Rab1 {[%clk 0:18:24]}  Nd6 {[%clk 0:42:42]} 24. Ba3 {[%clk 0:16:15]}  Nc4 {[%clk 0:42:44]} 25. Nxc4 {[%clk 0:15:34]}  Rxc4 {[%clk 0:43:06]} 26. Bb2 {[%clk 0:14:59]}  h5 {[%clk 0:39:26]} 27. g4 {[%clk 0:12:00]}  hxg4 {[%clk 0:38:25]} 28. hxg4 {[%clk 0:12:29]}  Bh6 {[%clk 0:24:01]} 29. f5 {[%clk 0:12:47]}  gxf5 {[%clk 0:20:00]} 30. gxf5 {[%clk 0:13:15]}  Bd2 {[%clk 0:17:38]} 31. Re2 {[%clk 0:13:27]}  Bxc3 {[%clk 0:16:38]} 32. Bxc3 {[%clk 0:13:49]}  Rxc3 {[%clk 0:17:02]} 33. fxe6 {[%clk 0:14:00]}  fxe6 {[%clk 0:15:37]} 34. Rxe6 {[%clk 0:14:01]}  Kf7 {[%clk 0:15:05]} 35. Rd6 {[%clk 0:12:50]}  Rc2 {[%clk 0:14:02]} 36. Rf1+ {[%clk 0:10:28]}  Ke7 {[%clk 0:13:20]} 37. Rg6 {[%clk 0:10:41]}  Rb2 {[%clk 0:09:41]} 38. Rg7+ {[%clk 0:10:16]}  Ke6 {[%clk 0:09:26]} 39. Rg6+ {[%clk 0:09:28]} 1/2-1/2

[Event "9 Round Open"]
[Site "Enniscrone, Sligo, IE"]
[Date "2026.02.04"]
[Round "4"]
[White "Dolan, Peter"]
[Black "Barnes, Oliver"]
[Result "0-1"]
[Board "12"]
[WhiteFideId "2413612"]
[BlackFideId "2517604"]
[WhiteElo "1781"]
[BlackElo "2013"]
[WhiteTeam "SCO"]
[BlackTeam "IRL"]
[WhiteClock "0:50:04"]
[BlackClock "0:39:07"]
[Variant "Standard"]

1. d4 {[%clk 1:30:57]}  Nf6 {[%clk 1:30:53]} 2. c4 {[%clk 1:31:02]}  e6 {[%clk 1:31:16]} 3. a3 {[%clk 1:31:07]}  d5 {[%clk 1:31:04]} 4. Nc3 {[%clk 1:31:26]}  a6 {[%clk 1:26:17]} 5. cxd5 {[%clk 1:29:57]}  exd5 {[%clk 1:25:59]} 6. Bg5 {[%clk 1:30:05]}  Be7 {[%clk 1:24:45]} 7. Nf3 {[%clk 1:28:31]}  O-O {[%clk 1:23:49]} 8. Qc2 {[%clk 1:23:18]}  h6 {[%clk 1:23:39]} 9. Bf4 {[%clk 1:23:00]}  Nbd7 {[%clk 1:17:56]} 10. e3 {[%clk 1:19:44]}  c6 {[%clk 1:15:50]} 11. b4 {[%clk 1:11:51]}  a5 {[%clk 1:10:39]} 12. b5 {[%clk 1:10:23]}  c5 {[%clk 1:09:30]} 13. Bd3 {[%clk 1:07:30]}  Re8 {[%clk 1:00:52]} 14. O-O {[%clk 1:02:39]}  b6 {[%clk 0:58:18]} 15. Rfe1 {[%clk 1:00:06]}  Bb7 {[%clk 0:58:28]} 16. Qa2 {[%clk 0:56:41]}  Rc8 {[%clk 0:55:07]} 17. Rac1 {[%clk 0:56:35]}  Bf8 {[%clk 0:49:27]} 18. Bf5 {[%clk 0:54:45]}  g6 {[%clk 0:44:10]} 19. Bh3 {[%clk 0:50:04]}  g5 {[%clk 0:39:07]} 0-1

[Event "9 Round Open"]
[Site "Enniscrone, Sligo, IE"]
[Date "2026.02.04"]
[Round "4"]
[White "Machin Arbelo, Pedro Alexis"]
[Black "Smith, Lynda"]
[Result "1-0"]
[Board "13"]
[WhiteFideId "2260972"]
[BlackFideId "1800191"]
[BlackTitle "WCM"]
[WhiteElo "1950"]
[BlackElo "1822"]
[WhiteTeam "ESP"]
[BlackTeam "WLS"]
[WhiteClock "0:06:19"]
[BlackClock "0:15:13"]
[Variant "Standard"]

1. e4 {[%clk 1:30:54]}  c5 {[%clk 1:29:56]} 2. Nf3 {[%clk 1:31:13]}  g6 {[%clk 1:30:22]} 3. c3 {[%clk 1:31:18]}  Bg7 {[%clk 1:30:34]} 4. Bc4 {[%clk 1:30:46]}  Nh6 {[%clk 1:28:23]} 5. h3 {[%clk 1:18:45]}  Nc6 {[%clk 1:28:08]} 6. a4 {[%clk 1:14:52]}  e6 {[%clk 1:25:10]} 7. O-O {[%clk 1:05:25]}  O-O {[%clk 1:20:57]} 8. d3 {[%clk 0:57:51]}  d5 {[%clk 1:19:03]} 9. Bg5 {[%clk 0:53:23]}  f6 {[%clk 1:17:38]} 10. Bxh6 {[%clk 0:50:14]}  Bxh6 {[%clk 1:17:31]} 11. Ba2 {[%clk 0:49:45]}  Kh8 {[%clk 1:08:31]} 12. Na3 {[%clk 0:48:03]}  a6 {[%clk 1:05:58]} 13. Nc2 {[%clk 0:43:17]}  d4 {[%clk 1:03:27]} 14. Rb1 {[%clk 0:41:56]}  e5 {[%clk 0:54:07]} 15. cxd4 {[%clk 0:39:53]}  cxd4 {[%clk 0:52:23]} 16. b4 {[%clk 0:40:08]}  Qe7 {[%clk 0:51:25]} 17. Bd5 {[%clk 0:35:25]}  Na7 {[%clk 0:46:21]} 18. b5 {[%clk 0:19:36]}  Be6 {[%clk 0:44:30]} 19. Bxe6 {[%clk 0:16:14]}  Qxe6 {[%clk 0:44:48]} 20. bxa6 {[%clk 0:16:36]}  bxa6 {[%clk 0:42:29]} 21. Nb4 {[%clk 0:16:39]}  Rab8 {[%clk 0:38:03]} 22. Nd5 {[%clk 0:16:32]}  Rfc8 {[%clk 0:33:15]} 23. Rxb8 {[%clk 0:16:11]}  Rxb8 {[%clk 0:33:23]} 24. Qc2 {[%clk 0:16:13]}  Rc8 {[%clk 0:31:52]} 25. Qb2 {[%clk 0:16:07]}  Nc6 {[%clk 0:27:16]} 26. Qb6 {[%clk 0:13:08]}  Nd8 {[%clk 0:23:57]} 27. Qxe6 {[%clk 0:12:56]}  Nxe6 {[%clk 0:24:15]} 28. Nxf6 {[%clk 0:13:18]}  Bg7 {[%clk 0:21:48]} 29. Nd7 {[%clk 0:12:28]}  Rc3 {[%clk 0:19:14]} 30. Rb1 {[%clk 0:12:13]}  h5 {[%clk 0:17:53]} 31. Ndxe5 {[%clk 0:09:29]}  Bxe5 {[%clk 0:17:11]} 32. Nxe5 {[%clk 0:09:52]}  Nf4 {[%clk 0:16:55]} 33. Rb6 {[%clk 0:07:12]}  Nxd3 {[%clk 0:16:04]} 34. Nxd3 {[%clk 0:06:47]}  Rxd3 {[%clk 0:16:32]} 35. Rxg6 {[%clk 0:07:05]}  Rd1+ {[%clk 0:16:05]} 36. Kh2 {[%clk 0:07:21]}  d3 {[%clk 0:14:59]} 37. Rxa6 {[%clk 0:06:07]}  Re1 {[%clk 0:14:47]} 38. Rd6 {[%clk 0:05:57]}  Rxe4 {[%clk 0:14:49]} 39. Rxd3 {[%clk 0:06:06]}  Rxa4 {[%clk 0:15:13]} 40. Rd5 {[%clk 0:06:19]} 1-0